Quizzes
Events
Quiz Creation
Community
Videos
Private Events
Remove Ads
Sign In
Join for FREE
Feedback
Dark Mode
Quiz Categories
Sports
Geography
Music
Movies
Television
Just For Fun
Miscellaneous
History
Literature
Language
Science
Gaming
Entertainment
Religion
Holiday
For Kids
Quiz Lab
Recent
Popular Today
Quiz Kudos Today
Editor Picks
Curator Picks
Quizzes by...
Day
Popularity
Type
Ratings
Length
Year
Community
Subscriptions
Recent Discussions
Orange Saloon
Badges
Playlists
Quests
Create
Leaderboards
Showdown
Live 5
Trivia Bingo
Activity
Puzzle Library
Sporcle Events
Private Events
Virtual Trivia
Globe League
Become a Host
Pub Owners
SporcleCon
Opinionation
Our Games
Videos
Blog
Mobile Apps
Partnerships
Remove Ads and Go Orange
Feedback
Miscellaneous
Crossword
General Knowledge
Baby Names
Logo
Food
Cars
Numbers
Grab Bag
University
College
Popular
Company
Slogans
Restaurants
Justice
Letter
Miscellaneous
Crossword
General Knowledge
Baby Names
Logo
Food
Cars
Numbers
Grab Bag
University
College
Popular
Company
Slogans
Restaurants
Justice
Letter
Random Quiz
Search Sporcle
×
Quiz Lab
Quiz Lab
Miscellaneous
Bird-brained
Type in answers that appear in a list
Type in answers that appear in a list
Classic
Best Score? Go Orange.
The Bird-Brained Quiz Stats
Can you name the things that have a bird in their names?
By
Shaft41
6m
30 Questions
146 Plays
146 Plays
146 Plays
Comments
Comments
Give Quiz Kudos
Give Quiz Kudos
-
- Ratings
hide this ad
Replay
Link that replays current quiz
Next Quiz
Link to next quiz in quiz playlist
You Got
0%
They Got
Avg Score
40%
Avg Friend Score
Upgrade to see
Score Distribution
Jump to the score distribution portion of the page
Score
0/30
Timer
06:00
0
Plays Today
Hint
Answer
% Correct
Lucrative role in 3 films for Johnny Depp
Captain Jack Sparrow
84.9%
The largest city in Arizona
Phoenix
82.9%
Actor who starred in movies such as 'Patch Adams' and 'Good Morning Vietnam'
Robin Williams
74%
Band that sang songs such as 'Take It Easy' and 'Hotel California'
The Eagles
69.9%
The NFL team located farthest northwest
Seattle Seahawks
62.3%
Singer of songs such as 'Soak Up the Sun', 'My Favorite Mistake' and 'All I Wanna Do'
Sheryl Crow
57.5%
Tchaikovsky ballet composed in 1875-
1876
Swan Lake
54.8%
Eurasian country, with 97% being the Asian part
Turkey
52.7%
U.S. sitcom, running from 1970-
1974, about a widower and her 5 kids and their music career
The Partridge Family
50%
Spacecraft commanded by Han Solo
Millennium Falcon
46.6%
North, south, east and west
cardinal directions
46.6%
2005 French documentary about Antarctic breeding journeys
March of the Penguins
45.9%
Song on the Beatles White Album, written by Paul McCartney as a reaction to racial tension in the U.S.
Blackbird
40.4%
Laws (named after a character in a post-
Civil War song) that segregated the southern United States
Jim Crow laws
39%
Third novel written by John Grisham; later made into a film starring Denzel Washington and Julia Roberts
The Pelican Brief
36.3%
Hint
Answer
% Correct
A term that can refer to a police informant, or a criminal decoy or lookout
stool pigeon
35.6%
Mouth and throat infection caused by yeast; most common in babies
Thrush
34.9%
Awards given by the Gospel Music Association to honor achievement in Christian music
Dove Awards
34.9%
Former baseball closer for Yankees, Padres and others; elected to Hall of Fame in 2008
Goose Gossage
34.2%
1933 Marx Brothers movie about a dictator of Freedonia
Duck Soup
31.5%
2000 animated movie made in Britain and distributed by Dreamworks; Mel Gibson is part of the voice cast
Chicken Run
29.5%
Broadway play and movie whose concept is based on Elvis Presley being drafted into the military
Bye Bye Birdie
28.1%
Type of joint used in woodworking
dovetail
26%
A group of Catholic bishops who elect a new pope
College of Cardinals
21.9%
American singer/
songwriter, with songs such as 'Lost Without U', 'Magic' and 'The Sweetest Love'; dad is actor Alan
Robin Thicke
19.9%
Former MLB player for the Red Sox, among others; now does play-
by-
play for the Chicago White Sox
Ken 'Hawk' Harrelson
17.8%
Boy who prefers attics to experimental helium balloons as part of recent hoax
Falcon Heene
17.1%
1986 action movie starring Louis Gossett, Jr. and Jason Gedrick as pilots
Iron Eagle
16.4%
Multiple Grammy-
winning pianist, drummer and composer known best for his work in 1970's jazz fusion
Chick Corea
11.6%
1985 film about two men who sold U.S. security secrets to the Soviet Union
The Falcon and the Snowman
9.6%
Quiz Playlist
Details
Report
Send in Message
Add To Playlist
Classic:
Type in answers that appear in a list
Last Updated: Feb 16, 2017
Quiz Scoreboard
CHALLENGE
Sign Up to Join the Scoreboard
Show All
Scores
Hide
Comments
May contain spoilers
Recently Published
Movies - When Are They Set?
by FPL_Elf
Movies
5m
Popular People in 1961
by mucciniale
History
6m
1-10 Letter E Words III
by El_Dandy
Language
2m
More to Explore
Quiz From the Vault
Featured Blog Post
Where Did the Easter Bunny Come From?
hide this ad
You Might Also Like...
Tags
bird
Bird-brained
Today's Top Quizzes in Miscellaneous
Browse Miscellaneous
hide this ad
Top Contributed Quizzes in Miscellaneous
1
The JOE quick-fire general knowledge quiz: Day 173
2
The JOE quick-fire general knowledge quiz: Day 172
3
Sunday Crossword: Famous Bodies of Water
4
The JOE quick-fire general knowledge quiz: Day 171
5
One Thing in Common: United Kingdom II
6
Named After an Animal - Odd One Out!
7
sort kpop groups by number of members
8
The JOE quick-fire quiz: Day 170
9
Sunday Crossword: Themeless #5
10
Lays Potato Chip Flavour Contest Finalists
Explore More
Trending Topics
Anime
Harry Potter
Marvel
Crossword
Disney
NBA
Kpop
WWE
Puzzle
NFL
Soccer
The Office
Pokémon
Song
Country
hide this ad
More By:
Shaft41
Quiz
Plays
Rating
Category
Featured
Created
Countries Starting and Ending with Consonants
48,116
4.32
Geography
Oct 9, 2009
Countries w/ same first and last letter
607
4.27
Geography
Oct 8, 2009
Movies with major roles turned down
421
5.00
Movies
Oct 9, 2009
The Bird-Brained Quiz
146
2.50
Miscellaneous
Oct 19, 2009
Go to Creator's Profile
Score Distribution
Quiz Creator Spotlight
Shaft41
Follow
Send a Message
Quizzes Created
-
Created Quiz Play Count
-
More By This Creator
Popular Quizzes Today
1
Find the US States - No Outlines Minefield
2
Find the Countries of Europe - No Outlines Minefield
3
The Countries of the World
4
Popular People in 1961
5
1-10 Letter E Words III
6
US States
7
Find the US States
8
One Thing in Common: World Cities II
More Miscellaneous Quizzes
Sunday Crossword: The Great Beyond
Published
Trending Quizzes
Risky Map Clicking: Least Populous States A-Z
1-10 Letter F Words
Humor Books: The Subtitles
1-10 Letter G Words
One Thing in Common: United Kingdom
Recently Updated
Leaping Animals
pecheneg
Reality TV Shows (A-Z)
bhenderson79
Rickey Henderson's Hall of Fame Teammates
pecheneg
Champions League XIs: Arsenal
pecheneg
Quick Pick: Celebrities in WWE's Hall of Fame
aduchscher
A-Z Keypad Blitz II
pecheneg
Multiple Oscar Actors
pecheneg
Mystery Phrase Blitz: Oscar 'Best Actors'
pecheneg
F. Scott Fitzgerald Novels
LTH
Pick 3 Villains
ddd62291
Trending Topics
Marvel
NBA
Kpop
Crossword
Anime
Disney
Harry Potter
Song
The Office
Puzzle
NFL
Soccer
Pokémon
Country
WWE
Your Account Isn't Verified!
In order to create a playlist on Sporcle, you need to verify the email address you used during registration. Go to your
Sporcle Settings
to finish the process.
Report this User
Report this user for behavior that violates our
Community Guidelines
.
Details:
Send Report
Go to the Sporcle.com Mobile Site →
Comments